| 000 | 00636nam a2200181 u 4500 | ||
|---|---|---|---|
| 001 | 000812393 | ||
| 003 | AM-YeHGA | ||
| 005 | 20250617144439.0 | ||
| 008 | 110526s1972 ||| r 000 0 rus d | ||
| 040 | _aAM-YeHGA | ||
| 041 | 0 | _arus | |
| 245 | 0 | 0 |
_aРодной город Ильича / _cРедкол. К.П. Гайдашенко и др. |
| 260 |
_aСаратов : _bПриволж. кн. изд-во. Ульяновск. отд-ние, _c1972. |
||
| 300 |
_a407 с. : _bил. |
||
| 653 | 0 | _aУльяновск (Симбирск), г. - История | |
| 700 | 1 |
_aГайдашенко, К.П. _eред. _4edt |
|
| 090 | _c295995 | ||
| 999 |
_c294307 _d294307 |
||